<?xml version="1.0" encoding="UTF-8"?>
<collection xmlns="http://www.loc.gov/MARC21/slim">
 <record>
  <leader>00451pamaa2200145   4500</leader>
  <controlfield tag="001">0000039952</controlfield>
  <controlfield tag="005">20050908090000.0</controlfield>
  <datafield tag="020" ind1="0" ind2="0">
   <subfield code="a">1876370025 (pbk) </subfield>
  </datafield>
  <datafield tag="082" ind1=" " ind2=" ">
   <subfield code="a">291.178 REL</subfield>
  </datafield>
  <datafield tag="090" ind1="0" ind2="0">
   <subfield code="a">BL65 </subfield>
   <subfield code="b">REL</subfield>
  </datafield>
  <datafield tag="245" ind1="1" ind2="0">
   <subfield code="a">RELIGION and culture in Asia Pacific : </subfield>
   <subfield code="b">violence or healing?  </subfield>
   <subfield code="c">edited by Joseph A, Camilleri.</subfield>
  </datafield>
  <datafield tag="260" ind1="0" ind2="0">
   <subfield code="a">Melbourne: </subfield>
   <subfield code="b">Pax Christi, </subfield>
   <subfield code="c">2001.</subfield>
  </datafield>
  <datafield tag="300" ind1=" " ind2=" ">
   <subfield code="a">xiii, 227p.; </subfield>
   <subfield code="c">24.</subfield>
  </datafield>
  <datafield tag="650" ind1="0" ind2="0">
   <subfield code="a">Religion and Culture -- </subfield>
   <subfield code="z">Asia </subfield>
  </datafield>
  <datafield tag="700" ind1="1" ind2="1">
   <subfield code="a">Camilleri, </subfield>
   <subfield code="h">Joseph A </subfield>
  </datafield>
 </record>
</collection>
